<?xml version="1.0" encoding="UTF-8"?>
<record
    xmlns:xsi="http://www.w3.org/2001/XMLSchema-instance"
    xsi:schemaLocation="http://www.loc.gov/MARC21/slim http://www.loc.gov/standards/marcxml/schema/MARC21slim.xsd"
    xmlns="http://www.loc.gov/MARC21/slim">

  <leader>01436cam a2200313 i 4500</leader>
  <controlfield tag="003">SA_RiAUC</controlfield>
  <controlfield tag="005">20250627143407.0</controlfield>
  <controlfield tag="008">250626s2009____mr h   g     f000 0 ara c</controlfield>
  <datafield tag="040" ind1=" " ind2=" ">
    <subfield code="a">SA-RiDKA</subfield>
    <subfield code="b">ara</subfield>
    <subfield code="c">SA-RiAUC</subfield>
    <subfield code="e">rda</subfield>
  </datafield>
  <datafield tag="043" ind1=" " ind2=" ">
    <subfield code="a">a-su---</subfield>
    <subfield code="a">f-ua---</subfield>
    <subfield code="a">ma-----</subfield>
  </datafield>
  <datafield tag="082" ind1="0" ind2="4">
    <subfield code="a">910.9175104</subfield>
  </datafield>
  <datafield tag="090" ind1=" " ind2=" ">
    <subfield code="a">910.9175104 </subfield>
    <subfield code="b">&#x627; &#x628; &#x646; &#x632;</subfield>
  </datafield>
  <datafield tag="100" ind1="1" ind2=" ">
    <subfield code="a">&#x627;&#x628;&#x646; &#x632;&#x64A;&#x62F;&#x627;&#x646;&#x60C; &#x639;&#x628;&#x62F; &#x627;&#x644;&#x631;&#x62D;&#x645;&#x646; &#x628;&#x646; &#x645;&#x62D;&#x645;&#x62F; &#x628;&#x646; &#x639;&#x628;&#x62F; &#x627;&#x644;&#x631;&#x62D;&#x645;&#x646;&#x60C;</subfield>
    <subfield code="d">1873-1946</subfield>
    <subfield code="e">&#x645;&#x624;&#x644;&#x641;.</subfield>
  </datafield>
  <datafield tag="245" ind1="1" ind2="2">
    <subfield code="a">&#x627;&#x644;&#x631;&#x62D;&#x644;&#x629; &#x625;&#x644;&#x649; &#x627;&#x644;&#x62D;&#x62C;&#x627;&#x632; &#x648;&#x645;&#x635;&#x631; &#x648;&#x627;&#x644;&#x634;&#x627;&#x645; /</subfield>
    <subfield code="c">&#x62A;&#x623;&#x644;&#x64A;&#x641; &#x639;&#x628;&#x62F; &#x627;&#x644;&#x631;&#x62D;&#x645;&#x646; &#x628;&#x646; &#x645;&#x62D;&#x645;&#x62F; &#x628;&#x646; &#x639;&#x628;&#x62F; &#x627;&#x644;&#x631;&#x62D;&#x645;&#x646; &#x628;&#x646; &#x632;&#x64A;&#x62F;&#x627;&#x646; &#x61B; &#x62A;&#x62D;&#x642;&#x64A;&#x642; &#x648;&#x62F;&#x631;&#x627;&#x633;&#x629; &#x633;&#x644;&#x64A;&#x645;&#x627;&#x646; &#x627;&#x644;&#x642;&#x631;&#x634;&#x64A;.</subfield>
  </datafield>
  <datafield tag="250" ind1=" " ind2=" ">
    <subfield code="a">&#x627;&#x644;&#x637;&#x628;&#x639;&#x629; &#x627;&#x644;&#x623;&#x648;&#x644;&#x649;.</subfield>
  </datafield>
  <datafield tag="264" ind1=" " ind2="1">
    <subfield code="a">&#x627;&#x644;&#x631;&#x628;&#x627;&#x637; :</subfield>
    <subfield code="b">&#x648;&#x632;&#x627;&#x631;&#x629; &#x627;&#x644;&#x623;&#x648;&#x642;&#x627;&#x641; &#x648;&#x627;&#x644;&#x634;&#x624;&#x648;&#x646; &#x627;&#x644;&#x625;&#x633;&#x644;&#x627;&#x645;&#x64A;&#x629;&#x60C;</subfield>
    <subfield code="c">2009</subfield>
  </datafield>
  <datafield tag="300" ind1=" " ind2=" ">
    <subfield code="a">131 &#x635;&#x641;&#x62D;&#x629; :</subfield>
    <subfield code="b">&#x645;&#x62B;&#x64A;&#x644;&#x64A;&#x627;&#x62A; &#x61B;</subfield>
    <subfield code="c">21 &#x633;&#x645;.</subfield>
  </datafield>
  <datafield tag="336" ind1=" " ind2=" ">
    <subfield code="a">&#x646;&#x635;</subfield>
    <subfield code="b">txt</subfield>
    <subfield code="2">rdacontent</subfield>
    <subfield code="3">&#x643;&#x62A;&#x627;&#x628;</subfield>
  </datafield>
  <datafield tag="337" ind1=" " ind2=" ">
    <subfield code="a">&#x628;&#x62F;&#x648;&#x646; &#x648;&#x633;&#x64A;&#x637;</subfield>
    <subfield code="b">n</subfield>
    <subfield code="2">rdamedia</subfield>
  </datafield>
  <datafield tag="338" ind1=" " ind2=" ">
    <subfield code="a">&#x645;&#x62C;&#x644;&#x62F;</subfield>
    <subfield code="b">nc</subfield>
    <subfield code="2">rdacarrier</subfield>
  </datafield>
  <datafield tag="490" ind1="0" ind2=" ">
    <subfield code="a">&#x62F;&#x639;&#x648;&#x629; &#x627;&#x644;&#x62D;&#x642; &#x61B;</subfield>
    <subfield code="8">21</subfield>
  </datafield>
  <datafield tag="651" ind1=" " ind2="7">
    <subfield code="a">&#x645;&#x635;&#x631;</subfield>
    <subfield code="x">&#x648;&#x635;&#x641; &#x648;&#x631;&#x62D;&#x644;&#x627;&#x62A;</subfield>
    <subfield code="2">aucsh</subfield>
  </datafield>
  <datafield tag="651" ind1=" " ind2="7">
    <subfield code="a">&#x628;&#x644;&#x627;&#x62F; &#x627;&#x644;&#x634;&#x627;&#x645;</subfield>
    <subfield code="x">&#x648;&#x635;&#x641; &#x648;&#x631;&#x62D;&#x644;&#x627;&#x62A;</subfield>
    <subfield code="2">aucsh</subfield>
  </datafield>
  <datafield tag="651" ind1=" " ind2="7">
    <subfield code="a">&#x627;&#x644;&#x62D;&#x62C;&#x627;&#x632; (&#x627;&#x644;&#x633;&#x639;&#x648;&#x62F;&#x64A;&#x629;)</subfield>
    <subfield code="x">&#x648;&#x635;&#x641; &#x648;&#x631;&#x62D;&#x644;&#x627;&#x62A;</subfield>
    <subfield code="2">aucsh</subfield>
  </datafield>
  <datafield tag="651" ind1=" " ind2="7">
    <subfield code="a">&#x627;&#x644;&#x628;&#x644;&#x627;&#x62F; &#x627;&#x644;&#x639;&#x631;&#x628;&#x64A;&#x629;</subfield>
    <subfield code="x">&#x648;&#x635;&#x641; &#x648;&#x631;&#x62D;&#x644;&#x627;&#x62A;</subfield>
    <subfield code="2">aucsh</subfield>
  </datafield>
  <datafield tag="700" ind1="1" ind2=" ">
    <subfield code="a">&#x627;&#x644;&#x642;&#x631;&#x634;&#x64A;&#x60C; &#x633;&#x644;&#x64A;&#x645;&#x627;&#x646;&#x60C;</subfield>
    <subfield code="d">1969-</subfield>
    <subfield code="e">&#x645;&#x62D;&#x642;&#x642;.</subfield>
  </datafield>
  <datafield tag="942" ind1=" " ind2=" ">
    <subfield code="2">ddc</subfield>
    <subfield code="c">BOOK</subfield>
    <subfield code="n">0</subfield>
  </datafield>
  <datafield tag="949" ind1=" " ind2=" ">
    <subfield code="a">SA-JeALM</subfield>
    <subfield code="d">250626</subfield>
    <subfield code="u">mohamedma123</subfield>
    <subfield code="n">1</subfield>
  </datafield>
  <datafield tag="952" ind1=" " ind2=" ">
    <subfield code="0">0</subfield>
    <subfield code="1">0</subfield>
    <subfield code="2">ddc</subfield>
    <subfield code="4">0</subfield>
    <subfield code="7">0</subfield>
    <subfield code="a">WAHAB</subfield>
    <subfield code="b">WAHAB</subfield>
    <subfield code="d">2025-06-27</subfield>
    <subfield code="l">0</subfield>
    <subfield code="o">910.9175104  &#x627; &#x628; &#x646; &#x632;</subfield>
    <subfield code="p">000015388</subfield>
    <subfield code="r">2025-06-27 14:34:45</subfield>
    <subfield code="w">2025-06-27</subfield>
    <subfield code="y">BOOK</subfield>
  </datafield>
  <datafield tag="952" ind1=" " ind2=" ">
    <subfield code="0">0</subfield>
    <subfield code="1">0</subfield>
    <subfield code="2">ddc</subfield>
    <subfield code="4">0</subfield>
    <subfield code="7">0</subfield>
    <subfield code="a">WAHAB</subfield>
    <subfield code="b">WAHAB</subfield>
    <subfield code="d">2025-09-02</subfield>
    <subfield code="l">0</subfield>
    <subfield code="o">910.9175104 &#x627; &#x628; &#x646; &#x632;</subfield>
    <subfield code="p">000018402</subfield>
    <subfield code="r">2025-09-02 08:11:52</subfield>
    <subfield code="w">2025-09-02</subfield>
    <subfield code="y">BOOK</subfield>
  </datafield>
  <datafield tag="999" ind1=" " ind2=" ">
    <subfield code="c">9232</subfield>
    <subfield code="d">9232</subfield>
  </datafield>
</record>
